La Importància de les micorrizes en l'agricultura /
ISBN:
84-505-1210-7
Descripción Física:
37 p. : il. ; 30 cm
Otros Autores:
Estaun, Victòria
Idioma:
Catalán
MARC
| LEADER | 00000nam a2200000Ia 4500 | ||
|---|---|---|---|
| 001 | 2042 | ||
| 003 | Arxiu | ||
| 005 | 20260324175713.0 | ||
| 008 | 160829s1985 spcaxx s cat c | ||
| 017 | |a DL B. 4262-1985 | ||
| 020 | |a 84-505-1210-7 | ||
| 040 | |a AGDB | ||
| 080 | |a FU-20-4 | ||
| 100 | 1 | |a Calvet, M. Cinta |9 38457 | |
| 245 | 1 | 3 | |a La Importància de les micorrizes en l'agricultura / |c Mª Cinta Calvet i Victòria Estaun |
| 260 | |a Barcelona : |b Diputació de Barcelona. Servei d'Agricultura i Ramaderia, |c DL 1985 | ||
| 300 | |a 37 p. : |b il. ; |c 30 cm | ||
| 490 | 1 | |a Estudis i monografies ; |v 6 | |
| 590 | |a Bibliografia | ||
| 650 | |a Micorizes |9 38458 | ||
| 650 | |a Plantes |x Malalties |9 38459 | ||
| 700 | |a Estaun, Victòria |9 38460 |e autor | ||
| 710 | 1 | |a Barcelona (Catalunya : Província). |b Servei d'Agricultura i Ramaderia |9 54365 | |
| 830 | 0 | |a Estudis i monografies (Barcelona (Catalunya : Província). Diputació) |v 6 |9 55978 | |
| 901 | |a Arxiu | ||
| 942 | |n 1 |2 udc |c ARXIU | ||
| 952 | |0 0 |1 0 |4 0 |6 FU204 |7 1 |9 48433 |a Arxiu |b Arxiu |d 2016-12-01 |l 0 |o FU-20-4 |p 2042 |r 2016-12-01 00:00:00 |w 2016-12-01 |y ARXIU | ||
| 999 | |c 52262 |d 52262 | ||